000 00187nam a2200085Ia 4500
008 170617s9999 xx 000 0 und d
100 _aIngold-C.K
245 0 _aOrganic Chemistry
260 _bC B S Pub
260 _c1994
999 _c15352
_d15352